000 00502nam a2200193Ia 4500
003 GCL
008 140319s9999 xx 000 0 aRus d
040 _aGCL /
_cGCL
082 0 4 _a863
_bM E
100 1 _aMORALES, ADELAIS GARCIA
245 1 0 _aEL SUR: SEGUIDO DE BENE /
_cMORALES, ADELAIS GARCIA
260 _a[S.N] :
_bEDITORIAL PLANETA ،
_c1995
300 _a110
650 0 4 _aLITERATURE
650 0 4 _aFICTION
650 0 4 _aSPANISH LITERATURE
650 0 4 _aSPANISH FICTION
942 _2ddc
_cBK
999 _c12938
_d12938